书目信息 |
| 题名: |
现代绘画美学与创作研究
|
|
| 作者: | 冯炳超 著 | |
| 分册: | ||
| 出版信息: | 沈阳 辽宁大学出版社有限责任公司 2021.3 |
|
| 页数: | 182页 | |
| 开本: | 24cm | |
| 丛书名: | ||
| 单 册: | ||
| 中图分类: | J201 , J204 | |
| 科图分类: | ||
| 主题词: | 绘画--艺术美学--研究 , 绘画创作--研究 | |
| 电子资源: | ||
| ISBN: | 978-7-5610-9933-9 | |
| 000 | 00837nam0 2200253 45 | |
| 001 | 012001000753 | |
| 005 | 20130909143112.0 | |
| 010 | @a978-7-5610-9933-9@dCNY48.00 | |
| 100 | @a20210610d2019 em y0chiy0110 ea | |
| 101 | 0 | @achi |
| 102 | @aCN@b210000 | |
| 105 | @aa z 000yy | |
| 106 | @ar | |
| 200 | 1 | @a现代绘画美学与创作研究@Axian dai hui hua mei xue yu chuang zuo yan jiu@f冯炳超著 |
| 210 | @a沈阳@c辽宁大学出版社有限责任公司@d2021.3 | |
| 215 | @a182页@d24cm | |
| 330 | @a本书主要内容包括:现代绘画概述、现代绘画美学的体系与系统化、现代绘画创作的构思与样式、现代绘画创作的构图与意境风格等。 | |
| 606 | 0 | @a绘画@x艺术美学@x研究 |
| 606 | 0 | @a绘画创作@x研究 |
| 690 | @aJ201@v5 | |
| 690 | @aJ204@v5 | |
| 701 | 0 | @a冯炳超@Afeng bing chao@f(1979-)@4著 |
| 801 | @aCN@b江苏凤凰@c20211018 | |
| 905 | @b1340900-3@dJ201@e1234@f4 | |
| 现代绘画美学与创作研究/冯炳超著.-沈阳:辽宁大学出版社有限责任公司,2021.3 |
| 182页;24cm |
| ISBN 978-7-5610-9933-9:CNY48.00 |
| 本书主要内容包括:现代绘画概述、现代绘画美学的体系与系统化、现代绘画创作的构思与样式、现代绘画创作的构图与意境风格等。 |
| ● |
| 相关链接 |
|
|
|
|
正题名:现代绘画美学与创作研究
索取号:J201/1234
 
预约/预借
| 序号 | 登录号 | 条形码 | 馆藏地/架位号 | 状态 | 备注 |
| 1 | 1340900 | 213409006 | 第一样本阅览室/ [索取号:J201/1234] | 在馆 | |
| 2 | 1340901 | 213409015 | 第一借阅区/ [索取号:J201/1234] | 在馆 | |
| 3 | 1340902 | 213409024 | 第一借阅区/ [索取号:J201/1234] | 在馆 | |
| 4 | 1340903 | 213409033 | 第一借阅区/ [索取号:J201/1234] | 在馆 |